| 000 | 00410nam a2200157Ia 4500 | ||
|---|---|---|---|
| 008 | 230312s9999||||xx |||||||||||||| ||und|| | ||
| 020 | _a8121923410 | ||
| 082 |
_a621.382 _bVEN-D |
||
| 100 | _aVenkataram, S.K | ||
| 245 | 0 | _aDigital communications | |
| 260 |
_bS. Chand & Co _aNew Delhi _c2003 |
||
| 300 | _a456 | ||
| 546 | _aEng. | ||
| 650 |
_aEngineering _vSatlite communication, Optical fibers, |
||
| 942 | _cBK | ||
| 999 |
_c1442 _d1442 |
||